European Countries with the Shortest Names - Statistics

General Stats
  • This quiz has been taken 833 times
  • The average score is 12 of 13
Answer Stats
Answer % Correct
Spain
98%
Italy
96%
France
93%
Greece
93%
Sweden
93%
Malta
92%
Norway
91%
Latvia
90%
Poland
90%
Serbia
89%
Russia
87%
Monaco
85%
Kosovo
83%
No matching quizzes found
Score Distribution
Percent of People with Each Score
Percentile by Number Answered
Your Score History
You have not taken this quiz